| 000 | 00688nam a22002057a 4500 | ||
|---|---|---|---|
| 999 |
_c158791 _d158791 |
||
| 005 | 20210510110057.0 | ||
| 010 | _aENG-124514 | ||
| 020 |
_a9780199483167 _c850.00 |
||
| 035 | _aEN-108046 | ||
| 037 | _bDBAD/PUB | ||
| 082 | _a320.954 | ||
| 245 |
_aDr Ambedkar and democracy: _ced. by Christophe Jaffrelot [and] Narender Kumar _ban anthology/ |
||
| 260 |
_aNew Delhi _bOxford University Press _c2018 |
||
| 270 |
_bNew Delhi _e110002 _a2/11 Ground Floor, Ansari Road, Daryaganj, |
||
| 300 |
_alvi,265p _c22cm.(Hb) |
||
| 500 | _aIt includes index and about the editor | ||
| 700 | _aChristophe Jaffrelot | ||
| 700 | _aNarender Kumar | ||
| 942 |
_2ddc _cEN _h320.954 _mAMB |
||